| 000 | 00851cam a22002897a 4500 | ||
|---|---|---|---|
| 003 | CHAP | ||
| 005 | 20220329143521.0 | ||
| 008 | 100323s1979 us r 00010 eng d | ||
| 010 | _a97863 | ||
| 011 | _a98835 | ||
| 020 | _a0716702932 | ||
| 035 | _a109520 | ||
| 040 | _cCHAP | ||
| 082 | 0 | 0 |
_a577 _bF73 |
| 100 | 0 | 0 |
_aFolsome, Clair Edwin. _942086 |
| 245 | 1 | 3 |
_aThe origin of life : _ba warm little pond |
| 260 |
_aSan Francisco : _bW.H. Freeman and Company, _cc1979 |
||
| 300 |
_a168 p. : _bilus. |
||
| 490 | _aA series of books in biology | ||
| 590 |
_aBATCH-UPD _b10 _c20130110 _lUCH01 _h1658 |
||
| 590 |
_aCONVERSION _b10 _c20130109 _lUCH01 _h1354 |
||
| 650 | 1 | 4 |
_aVida _xOrigen. _9119147 |
| 830 | 0 |
_aA series of books in biology _992 |
|
| 901 | _aBK | ||
| 942 | _cLIBRO | ||
| 949 |
_a577 F73 _bBC _cLIBRO _d33724002163892 _eLIBRO _h112031 _i109520 _sb |
||
| 999 |
_c97863 _d97863 |
||